000 00701nam a2200217Ia 4500
003 GCL
008 140319s9999 xx 000 0 ara d
040 _aGCL /
_cGCL
082 0 4 _a953.07391
_bف ا
100 1 _aابوالفوارس ناصر بن على الحسين
245 1 0 _aاخيار الدولة السلجوقية /
_cابوالفوارس ناصر بن على الحسين
700 1 _aمحمد اقبال
260 _a[S.N] :
_bدار الافاق الجديدة ،
_c1984
300 _a228 ص
490 _a
650 0 4 _aايران
650 0 4 _aالتاريخ الاسلامى
650 0 4 _aالدولة السلجوقية
650 0 4 _aالسلاجقة
942 _2ddc
_cBK
999 _c54213
_d54213